000 00523cam a22002171 4500
001 sa 68017932
003 DLC
005 20260227112707.0
008 900116s1965 ii 000 0 sino
010 _asa 68017932
035 _a(OCoLC)20907789
040 _aDLC
_cWaU
_dDLC
042 _apremarc
050 0 0 _aBJ1289
_b.P59
100 1 _aPiyananda, Henpitagedara,
_d1920-
245 1 0 _aBauddha nivasa.
260 _c[1965]
300 _aii, 99 p.
_c19 cm.
500 _aIn Sinhalese.
650 0 _aBuddhist ethics.
999 _c88070
_d88070